Video Games by Letter - P - Statistics

General Stats
  • This quiz has been taken 90 times
  • The average score is 12 of 16
Answer Stats
Hint Answer % Correct
Classic dot-eating arcade game Pac-Man
97%
Sony's main console line PlayStation
97%
Princess of the Mushroom Kingdom Peach
96%
Vegetation vs. The Undead Plants vs. Zombies
91%
Mascot of the above franchise Pikachu
87%
Pocket Monsters Pokémon
87%
1970s table tennis Pong
77%
Escape dungeons in medieval Persia Prince of Persia
77%
Face off against Mike Tyson or Mr. Dream in the ring Punch-Out!!
76%
The cake is a lie Portal
65%
TF2 class equipped with fire Pyro
65%
Alien species that assists Olimar in rebuilding his ship Pikmin
59%
Ace Attorney protagonist Phoenix Wright
57%
Paper-thin rapping dog. He's gotta believe! PaRappa
56%
Shin Megami Tensei spin-off Persona
41%
Raz travels into people's minds to help them overcome their fears Psychonauts
34%
No matching quizzes found
Score Distribution
Percent of People with Each Score
Percentile by Number Answered
Your Score History
You have not taken this quiz